Central Library OPAC University of Rajshahi

The origins of the industrial revolution / (Record no. 19675)

MARC details
000 -LEADER
fixed length control field 00729nam a2200229 a 4500
001 - CONTROL NUMBER
control field 19675
003 - CONTROL NUMBER IDENTIFIER
rucl marc code BD-RjUL
005 - DATE AND TIME OF LATEST TRANSACTION
control field 20211209000449.0
008 - FIXED-LENGTH DATA ELEMENTS--GENERAL INFORMATION
fixed length control field 160619s19671966enk b 001 0 eng d
035 ## - SYSTEM CONTROL NUMBER
System control number (BD-RjUL)19735
040 ## - CATALOGING SOURCE
Original cataloging agency DLC
Transcribing agency DLC
Modifying agency m.c
-- EQO
-- BD-RjUL
Language of cataloging eng
041 ## - LANGUAGE CODE
Language code of text/sound track or separate title eng
082 04 - DEWEY DECIMAL CLASSIFICATION NUMBER
Classification number 338.0942
Author mark and year FLO 1967
Edition number 23
100 1# - MAIN ENTRY--PERSONAL NAME
Personal name Flinn, Michael W.
Fuller form of name (Michael Walter),
Dates associated with a name 1917-1983.
9 (RLIN) 7470
245 14 - TITLE STATEMENT
Title The origins of the industrial revolution /
Statement of responsibility, etc. M.W. Flinn.
260 ## - PUBLICATION, DISTRIBUTION, ETC. (IMPRINT)
Place of publication, distribution, etc. London :
Name of publisher, distributor, etc. Longmans,
Date of publication, distribution, etc. 1966,[Impression1967]
300 ## - PHYSICAL DESCRIPTION
Pagination x, 114 p. ;
Size 22 cm.
500 ## - GENERAL NOTE
General note index
650 #0 - SUBJECT ADDED ENTRY--TOPICAL TERM
Topical term or geographic name as entry element Industries
Geographic subdivision Great Britain
General subdivision History.
9 (RLIN) 60455
651 #0 - SUBJECT ADDED ENTRY--GEOGRAPHIC NAME
Geographic name Great Britain
General subdivision Economic conditions
Chronological subdivision 1760-1860.
9 (RLIN) 7565
942 ## - ADDED ENTRY ELEMENTS (KOHA)
Source of classification or shelving scheme Dewey Decimal Classification
Koha item type Books
Holdings
Lost status Source of classification or shelving scheme Damaged status Not for loan Permanent Location Current Location Shelving location Date acquired Source of acquisition Cost, normal purchase price Total Checkouts Full call number Date last seen Date checked out Copy number Koha item type Collection code
  Dewey Decimal Classification     Central Library, University of Rajshahi Central Library, University of Rajshahi   27/11/1968 Zeitlinger 10.60 2 338.0942 FLO 1967 18/06/2016 07/06/2016 C-3 Books  
  Dewey Decimal Classification     Central Library, University of Rajshahi Central Library, University of Rajshahi   27/11/1968 Zeithinger 10.60 1 338.0942 FLO 1967 12/02/2017 02/02/2017 C-2 Books Non-fiction